Roue de la fortune - Mort subite #11 - Statistiques

Statistiques générales
  • Ce quiz a été pris 237 fois
  • Le résultat moyen est 12 sur 16
Statistiques - réponses
% Correct
E
96%
E
96%
E
96%
E
96%
A
86%
A
86%
L
85%
I
73%
R
70%
R
70%
N
64%
N
64%
D
62%
D
62%
B
46%
B
46%
Aucun quiz correspondant
Distribution des résultats
% des personnes avec chaque résultat
Percentile par nombre de réponses
Votre historique - résultats
Vous n’avez pas pris ce quiz